000 00675nam a2200229Ia 4500
003 OSt
005 20220923221922.0
006 a|||||r|||| 00| 0
007 ta
008 220922b |||||||| |||| 00| 0 urd d
024 _a201,083
037 _cTextual
040 _aARTS
_cARTS
_burd
041 _2urd
_aurd
082 _aO168,3NRA,BG, 152L3
100 _aरजिया फसीहा अहमद
_9156274
245 0 _aबेगम गुल
246 _aBegam gula
650 _aउर्दू साहित्य
942 _hO168,3NRA,BG, 152L3
_cTEXL
_2CC
999 _c352746
_d352746